Creating Paint shop pro Web graphics /

Bibliographic Details
Main Author: Shafran, Andrew Bryce
Corporate Author: NetLibrary, Inc
Other Authors: Castle, Brad
Format: eBook
Language:English
Published: Cincinnati, Ohio : Muska & Lipman, [1998]
Edition:2nd ed.
Subjects:
Online Access:Connect to the full text of this electronic book

MARC

Tag First Indicator Second Indicator Subfields
LEADER 00000cam a2200000La 4500
001 in00001574474
005 20190325094131.0
006 m u
007 cr cn|
008 001009s1998 ohua s 001 0 eng d
020 |a 0585232466 (electronic bk.) 
020 |a 9780585232461 (electronic bk.) 
035 |a (OCoLC)ocm44959968 
035 |a (OCoLC)44959968 
040 |a N$T  |c N$T  |d OCL  |d OCLCQ  |d UtOrBLW 
049 |a TXAM 
050 1 4 |a T385  |b .S3848 1998eb 
082 0 4 |a 006.6/869  |2 21 
100 1 |a Shafran, Andrew Bryce. 
245 1 0 |a Creating Paint shop pro Web graphics /  |c written by Andy Shafran ; with Brad Castle [and others]. 
250 |a 2nd ed. 
264 1 |a Cincinnati, Ohio :  |b Muska & Lipman,  |c [1998] 
264 4 |c ©1998 
300 |a 368 pages :  |b illustrations (some color) ;  |c 23 cm. 
336 |a text  |b txt  |2 rdacontent 
337 |a computer  |b c  |2 rdamedia 
338 |a online resource  |b cr  |2 rdacarrier 
500 |a Includes index. 
533 |a Electronic reproduction.  |b Boulder, Colo. :  |c NetLibrary,  |d 2000.  |n Available via the World Wide Web.  |n Available in multiple electronic file formats.  |n Access may be limited to NetLibrary affiliated libraries. 
500 |a Electronic resource. 
650 0 |a Computer graphics. 
630 0 0 |a PaintShop Pro. 
650 0 |a Web sites  |x Design. 
655 7 |a Electronic books.  |2 local 
700 1 |a Castle, Brad. 
710 2 |a NetLibrary, Inc. 
776 1 |c Original  |z 0966288904  |w (DLC) 98065980  |w (OCoLC)39258153 
856 4 0 |u http://proxy.library.tamu.edu/login?url=http://www.netLibrary.com/urlapi.asp?action=summary&v=1&bookid=33697  |z Connect to the full text of this electronic book  |t 0 
994 |a 92  |b TXA 
999 |a MARS 
999 f f |s 4e8bf0c5-2519-3bb7-b7fa-ddb27c43b44a  |i f6ed1861-5495-3051-bbed-cefab9c1cad4  |t 0 
952 f f |a Texas A&M University  |b College Station  |c Electronic Resources  |d Available Online  |t 0  |e T385 .S3848 1998eb  |h Library of Congress classification 
998 f f |a T385 .S3848 1998eb  |t 0  |l Available Online